000 00518nam a2200181Ia 4500
005 20250923145316.0
008 008 250917s9999 xx 000 0 eng d
037 _aTextual
040 _aDSWL
_beng
_cDSWL
041 _aeng
_2eng
084 _qDSWL
245 0 _aRole of trade unions in Family welfare
_cby Central Board for Workers Education, India
260 _aNew Delhi
_b Central Board for Workers Education,India
300 _a96 p.
365 _aINR
942 _cTEXL
999 _c1449779
_d1449779